000 00523nam a2200193Ia 4500
005 20250522104054.0
008 008 250516s9999 xx 000 0 eng d
020 _a9789004524989
040 _aSDCL
_beng
_cSDCL
041 _aeng
_2eng
084 _aV43,k,L, R3
_qSDCL
100 _aHuigen, Siegfried
_9752231
245 0 _aShaping a dutch East Indies :
_bFrançois valentyn's voc empire
260 _aBoston:
_bBrill,
_c2023.
300 _axv,362p.
365 _aEURO
_b150
650 _aHistory
942 _cTEXL
999 _c1429038
_d1429038